La investigación en el aula: ¿una tarea posible?
Guardat en:
| Autor principal: | |
|---|---|
| Format: | Llibre |
| Idioma: | espanyol |
| Publicat: |
Valparaíso, Chile
Universidad Católica de Valparaíso
2001
|
| Matèries: | |
| Etiquetes: |
Afegir etiqueta
Sense etiquetes, Sigues el primer a etiquetar aquest registre!
|
MARC
| LEADER | 00000cam a2200000 a 4500 | ||
|---|---|---|---|
| 001 | UCN2371 | ||
| 003 | CL-VaPUC | ||
| 005 | 20241203141526.0 | ||
| 008 | 010518e20010000CL |||||||||||||||||spa|d | ||
| 999 | |c 295475 |d 295473 | ||
| 040 | |c Pontificia Universidad Católica de Valparaíso | ||
| 082 | 0 | 4 | |a 371.395 PRI 2001 |2 21 |
| 100 | |a Prieto Parra, Marcia |e autora |9 745386 | ||
| 245 | 1 | 3 | |a La investigación en el aula: ¿una tarea posible? |
| 260 | 0 | 3 | |a Valparaíso, Chile |b Universidad Católica de Valparaíso |c 2001 |
| 300 | |a 90 páginas | ||
| 583 | |a last modification |c 20010518 00:00:00 |k Rodrigo Vera | ||
| 650 | 0 | |a Métodos de enseñanza |9 270413 | |
| 650 | 0 | |a Investigación científica |9 259857 | |
| 650 | 7 | |a TRABAJO EN GRUPO |2 CL-VaPUC |9 458172 | |
| 650 | 0 | |a Métodos de investigación |9 262618 | |
| 650 | 0 | |a Formación profesional de profesores |9 307493 | |
| 650 | 0 | |a Archivo histórico PUCV |9 255554 | |
| 650 | 0 | |a Académicos |x Pontificia Universidad Católica de Valparaíso (PUCV) |9 255553 | |
| 942 | |c BK |2 ddc | ||
| 945 | |d 20010518 00:00:00 |a cmena | ||
| 952 | |0 0 |1 0 |2 ddc |4 0 |6 371_395000000000000_PRI_2001 |7 0 |8 R |9 348617 |a BIBEDU |b BIBEDU |d 2019-11-20 |i 3726436 |o 371.395 PRI 2001 |p 3726436 |r 2023-01-13 |t 6 |w 2019-11-20 |y BK_R |k BME | ||
| 952 | |0 0 |1 0 |2 ddc |4 0 |6 371_395000000000000_PRI_2001 |7 0 |8 R |9 348618 |a BIBEDU |b BIBEDU |c MCIRC |d 2019-11-20 |i 3726444 |o 371.395 PRI 2001 |p 3726444 |r 2023-01-13 |t 7 |w 2019-11-20 |y BK_R |k BME | ||
| 952 | |0 0 |1 0 |2 ddc |4 0 |6 371_395000000000000_PRI_2001 |7 0 |8 R |9 348619 |a BIBEDU |b BIBEDU |d 2019-11-20 |i 3726452 |o 371.395 PRI 2001 |p 3726452 |r 2023-01-13 |t 8 |w 2019-11-20 |y BK_R |k BME | ||
| 952 | |0 0 |1 0 |2 ddc |4 0 |6 371_395000000000000_PRI_2001 |7 0 |8 R |9 348620 |a BIBEDU |b BIBEDU |d 2019-11-20 |i 3726460 |o 371.395 PRI 2001 |p 3726460 |r 2023-01-13 |t 9 |w 2019-11-20 |y BK_R |k BME | ||
| 952 | |0 0 |1 0 |2 ddc |4 0 |6 371_395000000000000_PRI_2001 |7 0 |8 R |9 348621 |a BIBEDU |b BIBEDU |d 2019-11-20 |i 3726479 |o 371.395 PRI 2001 |p 3726479 |r 2023-01-13 |t 10 |w 2019-11-20 |y BK_R |k BME | ||
| 952 | |0 0 |1 0 |2 ddc |4 0 |6 371_395000000000000_PRI_2001 |7 0 |8 R |9 348622 |a BIBEDU |b BIBEDU |d 2019-11-20 |i 3726487 |o 371.395 PRI 2001 |p 3726487 |r 2023-01-13 |t 11 |w 2019-11-20 |y BK_R |k BME | ||
| 952 | |0 0 |1 0 |2 ddc |4 0 |6 371_395000000000000_PRI_2001 |7 0 |8 R |9 348623 |a BIBEDU |b BIBEDU |d 2019-11-20 |i 3726495 |o 371.395 PRI 2001 |p 3726495 |r 2023-01-13 |t 12 |w 2019-11-20 |y BK_R |k BME | ||
| 952 | |0 0 |1 0 |2 ddc |4 0 |6 371_395000000000000_PRI_2001 |7 0 |8 R |9 348624 |a BIBEDU |b BIBEDU |d 2019-11-20 |i 3726509 |o 371.395 PRI 2001 |p 3726509 |r 2023-01-13 |t 13 |w 2019-11-20 |y BK_R |k BME | ||
| 952 | |0 0 |1 0 |2 ddc |4 0 |6 371_395000000000000_PRI_2001 |7 0 |8 R |9 348625 |a BIBEDU |b BIBEDU |d 2019-11-20 |i 3726517 |o 371.395 PRI 2001 |p 3726517 |r 2023-01-13 |t 14 |w 2019-11-20 |y BK_R |k BME | ||
| 952 | |0 0 |1 0 |2 ddc |4 0 |6 371_395000000000000_PRI_2001 |7 0 |8 R |9 348627 |a BIBEDU |b BIBEDU |d 2019-11-20 |i 3726533 |o 371.395 PRI 2001 |p 3726533 |r 2023-01-13 |t 16 |w 2019-11-20 |y BK_R |k BME | ||
| 952 | |0 0 |1 0 |2 ddc |4 0 |6 371_395000000000000_PRI_2001 |7 0 |8 R |9 348628 |a BIBEDU |b BIBEDU |c MCIRC |d 2019-11-20 |i 3726541 |o 371.395 PRI 2001 |p 3726541 |r 2023-01-13 |t 17 |w 2019-11-20 |y BK_R |k BME | ||
| 952 | |0 0 |1 0 |2 ddc |4 0 |6 371_395000000000000_PRI_2001 |7 0 |8 R |9 348629 |a BIBEDU |b BIBEDU |d 2019-11-20 |i 372655K |o 371.395 PRI 2001 |p 372655K |r 2023-01-13 |t 1 |w 2019-11-20 |y BK_R |k BME | ||
| 952 | |0 0 |1 0 |2 ddc |4 0 |6 371_395000000000000_PRI_2001 |7 0 |8 R |9 348630 |a BIBEDU |b BIBEDU |d 2019-11-20 |i 3726568 |o 371.395 PRI 2001 |p 3726568 |r 2023-01-13 |t 18 |w 2019-11-20 |y BK_R |k BME | ||
| 952 | |0 0 |1 0 |2 ddc |4 0 |6 371_395000000000000_PRI_2001 |7 0 |8 R |9 348631 |a BIBEDU |b BIBEDU |d 2019-11-20 |i 3726576 |o 371.395 PRI 2001 |p 3726576 |r 2023-01-13 |t 19 |w 2019-11-20 |y BK_R |k BME | ||
| 952 | |0 0 |1 0 |2 ddc |4 0 |6 371_395000000000000_PRI_2001 |7 0 |8 R |9 348632 |a BIBEDU |b BIBEDU |d 2019-11-20 |i 3726584 |o 371.395 PRI 2001 |p 3726584 |r 2023-01-13 |t 20 |w 2019-11-20 |y BK_R |k BME | ||
| 952 | |0 0 |1 0 |2 ddc |4 0 |6 371_395000000000000_PRI_2001 |7 0 |8 R |9 348633 |a BIBEDU |b BIBEDU |d 2019-11-20 |i 3726592 |o 371.395 PRI 2001 |p 3726592 |r 2023-01-13 |t 21 |w 2019-11-20 |y BK_R |k BME | ||
| 952 | |0 0 |1 0 |2 ddc |4 0 |6 371_395000000000000_PRI_2001 |7 0 |8 R |9 348634 |a BIBEDU |b BIBEDU |d 2019-11-20 |i 3726606 |o 371.395 PRI 2001 |p 3726606 |r 2023-01-13 |t 22 |w 2019-11-20 |y BK_R |k BME | ||
| 952 | |0 0 |1 0 |2 ddc |4 0 |6 371_395000000000000_PRI_2001 |7 0 |8 R |9 348635 |a BIBEDU |b BIBEDU |d 2019-11-20 |i 3726614 |o 371.395 PRI 2001 |p 3726614 |r 2023-01-13 |t 23 |w 2019-11-20 |y BK_R |k BME | ||
| 952 | |0 0 |1 0 |2 ddc |4 0 |6 371_395000000000000_PRI_2001 |7 0 |8 A |9 348637 |a BIBCUR |b BIBCUR |d 2019-11-20 |i 3726894 |o 371.395 PRI 2001 |p 3726894 |r 2024-01-29 |t 48 |w 2019-11-20 |y BK |k BCB | ||
| 952 | |0 0 |1 0 |2 ddc |4 0 |6 371_395000000000000_PRI_2001 |7 0 |8 A |9 348640 |a BIBCUR |b BIBCUR |d 2019-11-20 |i 3726924 |o 371.395 PRI 2001 |p 3726924 |r 2024-01-29 |t 51 |w 2019-11-20 |y BK |k BCB | ||
| 952 | |0 0 |1 0 |2 ddc |4 0 |6 371_395000000000000_PRI_2001 |7 0 |8 A |9 348641 |a BIBCUR |b BIBCUR |d 2019-11-20 |i 3726932 |o 371.395 PRI 2001 |p 3726932 |r 2024-01-29 |t 52 |w 2019-11-20 |y BK |k BCB | ||
| 952 | |0 0 |1 0 |2 ddc |4 0 |6 371_395000000000000_PRI_2001 |7 0 |8 A |9 348642 |a BIBCUR |b BIBCUR |d 2019-11-20 |i 3726940 |o 371.395 PRI 2001 |p 3726940 |r 2024-01-29 |t 53 |w 2019-11-20 |y BK |k BCB | ||
| 952 | |0 0 |1 0 |2 ddc |4 0 |6 371_395000000000000_PRI_2001 |7 0 |8 A |9 348646 |a BIBGIM |b BIBGIM |d 2019-11-20 |i 3726649 |o 371.395 PRI 2001 |p 3726649 |r 2025-01-15 |t 26 |w 2019-11-20 |y BK |k GIM | ||
| 952 | |0 0 |1 0 |2 ddc |4 0 |6 371_395000000000000_PRI_2001 |7 0 |8 A |9 348647 |a BIBGIM |b BIBGIM |d 2019-11-20 |i 3726657 |o 371.395 PRI 2001 |p 3726657 |r 2025-01-15 |t 27 |w 2019-11-20 |y BK |k GIM | ||
| 952 | |0 0 |1 0 |2 ddc |4 0 |6 371_395000000000000_PRI_2001 |7 0 |8 A |9 348648 |a BIBGIM |b BIBGIM |d 2019-11-20 |i 3726665 |o 371.395 PRI 2001 |p 3726665 |r 2025-01-15 |t 28 |w 2019-11-20 |y BK |k GIM | ||
| 952 | |0 0 |1 0 |2 ddc |4 0 |6 371_395000000000000_PRI_2001 |7 0 |8 A |9 348649 |a BIBGIM |b BIBGIM |d 2019-11-20 |i 3726673 |o 371.395 PRI 2001 |p 3726673 |r 2025-01-15 |t 29 |w 2019-11-20 |y BK |k GIM | ||
| 952 | |0 0 |1 0 |2 ddc |4 0 |6 371_395000000000000_PRI_2001 |7 0 |8 A |9 348650 |a BIBGIM |b BIBGIM |d 2019-11-20 |i 3726681 |o 371.395 PRI 2001 |p 3726681 |r 2025-01-15 |t 30 |w 2019-11-20 |y BK |k GIM | ||
| 952 | |0 0 |1 0 |2 ddc |4 0 |6 371_395000000000000_PRI_2001 |7 0 |8 A |9 348651 |a BIBGIM |b BIBGIM |d 2019-11-20 |i 372669K |o 371.395 PRI 2001 |p 372669K |r 2025-01-15 |t 2 |w 2019-11-20 |y BK |k GIM | ||
| 952 | |0 0 |1 0 |2 ddc |4 0 |6 371_395000000000000_PRI_2001 |7 0 |8 A |9 348652 |a BIBGIM |b BIBGIM |d 2019-11-20 |i 3726703 |o 371.395 PRI 2001 |p 3726703 |r 2025-01-15 |t 31 |w 2019-11-20 |y BK |k GIM | ||
| 952 | |0 0 |1 0 |2 ddc |4 0 |6 371_395000000000000_PRI_2001 |7 0 |8 A |9 348653 |a BIBGIM |b BIBGIM |d 2019-11-20 |i 3726711 |o 371.395 PRI 2001 |p 3726711 |r 2025-01-15 |t 32 |w 2019-11-20 |y BK |k GIM | ||
| 952 | |0 0 |1 0 |2 ddc |4 0 |6 371_395000000000000_PRI_2001 |7 0 |8 A |9 348654 |a BIBGIM |b BIBGIM |d 2019-11-20 |i 372672K |o 371.395 PRI 2001 |p 372672K |r 2025-01-15 |t 3 |w 2019-11-20 |y BK |k GIM | ||
| 952 | |0 0 |1 0 |2 ddc |4 0 |6 371_395000000000000_PRI_2001 |7 0 |8 A |9 348655 |a BIBEDU |b BIBEDU |d 2019-11-20 |i 3726975 |o 371.395 PRI 2001 |p 3726975 |r 2023-01-12 |t 56 |w 2019-11-20 |y BK |k MUS | ||
| 952 | |0 0 |1 0 |2 ddc |4 0 |6 371_395000000000000_PRI_2001 |7 0 |8 A |9 348656 |a BIBEDU |b BIBEDU |d 2019-11-20 |i 3726983 |o 371.395 PRI 2001 |p 3726983 |r 2023-01-12 |t 57 |w 2019-11-20 |y BK |k MUS | ||
| 952 | |0 0 |1 0 |2 ddc |4 0 |6 371_395000000000000_PRI_2001 |7 0 |8 A |9 348657 |a BIBEDU |b BIBEDU |d 2019-11-20 |i 3726991 |o 371.395 PRI 2001 |p 3726991 |r 2023-01-12 |t 58 |w 2019-11-20 |y BK |k MUS | ||
| 952 | |0 0 |1 0 |2 ddc |4 0 |6 371_395000000000000_PRI_2001 |7 0 |8 A |9 348658 |a BIBMAT |b BIBMAT |c E_DIDACT |d 2019-11-20 |i 3726851 |o 371.395 PRI 2001 |p 3726851 |r 2025-01-07 |t 45 |w 2019-11-20 |y BK |k MAT | ||
| 952 | |0 0 |1 0 |2 ddc |4 0 |6 371_395000000000000_PRI_2001 |7 0 |8 A |9 348659 |a BIBMAT |b BIBMAT |c E_DIDACT |d 2019-11-20 |i 372686K |o 371.395 PRI 2001 |p 372686K |r 2025-01-07 |t 4 |w 2019-11-20 |y BK |k MAT | ||
| 952 | |0 0 |1 0 |2 ddc |4 0 |6 371_395000000000000_PRI_2001 |7 0 |8 A |9 348660 |a BIBMAT |b BIBMAT |c E_DIDACT |d 2019-11-20 |i 3726878 |o 371.395 PRI 2001 |p 3726878 |r 2025-01-07 |t 46 |w 2019-11-20 |y BK |k MAT | ||
| 952 | |0 0 |1 0 |2 ddc |4 0 |6 371_395000000000000_PRI_2001 |7 0 |8 A |9 348661 |a BIBMAT |b BIBMAT |c E_DIDACT |d 2019-11-20 |i 3726886 |o 371.395 PRI 2001 |p 3726886 |r 2025-01-07 |t 47 |w 2019-11-20 |y BK |k MAT | ||
| 952 | |0 0 |1 0 |2 ddc |4 0 |6 371_395000000000000_PRI_2001 |7 0 |8 A |9 348662 |a BIBHIS |b BIBHIS |d 2019-11-20 |i 3726770 |o 371.395 PRI 2001 |p 3726770 |r 2025-01-20 |t 37 |w 2019-11-20 |y BK |k HIS | ||
| 952 | |0 0 |1 0 |2 ddc |4 0 |6 371_395000000000000_PRI_2001 |7 0 |8 A |9 348663 |a BIBHIS |b BIBHIS |d 2019-11-20 |i 3726789 |o 371.395 PRI 2001 |p 3726789 |r 2025-01-20 |t 38 |w 2019-11-20 |y BK |k HIS | ||
| 952 | |0 0 |1 0 |2 ddc |4 0 |6 371_395000000000000_PRI_2001 |7 0 |8 A |9 348664 |a BIBHIS |b BIBHIS |d 2019-11-20 |i 3726797 |o 371.395 PRI 2001 |p 3726797 |r 2025-01-20 |t 39 |w 2019-11-20 |y BK |k HIS | ||
| 952 | |0 0 |1 0 |2 ddc |4 0 |6 371_395000000000000_PRI_2001 |7 0 |8 A |9 348665 |a BIBHIS |b BIBHIS |d 2019-11-20 |i 3726800 |o 371.395 PRI 2001 |p 3726800 |r 2025-01-20 |t 40 |w 2019-11-20 |y BK |k HIS | ||
| 952 | |0 0 |1 0 |2 ddc |4 0 |6 371_395000000000000_PRI_2001 |7 0 |8 A |9 348666 |a BIBHIS |b BIBHIS |d 2019-11-20 |i 3726819 |o 371.395 PRI 2001 |p 3726819 |r 2025-01-20 |t 41 |w 2019-11-20 |y BK |k HIS | ||
| 952 | |0 0 |1 0 |2 ddc |4 0 |6 371_395000000000000_PRI_2001 |7 0 |8 A |9 348667 |a BIBHIS |b BIBHIS |d 2019-11-20 |i 3726827 |o 371.395 PRI 2001 |p 3726827 |r 2025-01-20 |t 42 |w 2019-11-20 |y BK |k HIS | ||
| 952 | |0 0 |1 0 |2 ddc |4 0 |6 371_395000000000000_PRI_2001 |7 0 |8 A |9 348668 |a BIBHIS |b BIBHIS |d 2019-11-20 |i 3726835 |o 371.395 PRI 2001 |p 3726835 |r 2025-01-20 |t 43 |w 2019-11-20 |y BK |k HIS | ||
| 952 | |0 0 |1 0 |2 ddc |4 0 |6 371_395000000000000_PRI_2001 |7 0 |8 A |9 348669 |a BIBHIS |b BIBHIS |d 2019-11-20 |i 3726843 |o 371.395 PRI 2001 |p 3726843 |r 2025-01-20 |t 44 |w 2019-11-20 |y BK |k HIS | ||
| 952 | |0 0 |1 0 |2 ddc |4 0 |6 371_395000000000000_PRI_2001 |7 0 |8 A |9 348670 |a BIBTEO |b BIBTEO |d 2019-11-20 |i 3726738 |o 371.395 PRI 2001 |p 3726738 |r 2025-01-17 |t 33 |w 2019-11-20 |y BK |k ICR | ||
| 952 | |0 0 |1 0 |2 ddc |4 0 |6 371_395000000000000_PRI_2001 |7 0 |8 A |9 348671 |a BIBTEO |b BIBTEO |d 2019-11-20 |i 3726746 |o 371.395 PRI 2001 |p 3726746 |r 2025-01-17 |t 34 |w 2019-11-20 |y BK |k ICR | ||
| 952 | |0 0 |1 0 |2 ddc |4 0 |6 371_395000000000000_PRI_2001 |7 0 |8 A |9 348672 |a BIBTEO |b BIBTEO |d 2019-11-20 |i 3726754 |o 371.395 PRI 2001 |p 3726754 |r 2025-01-17 |t 35 |w 2019-11-20 |y BK |k ICR | ||
| 952 | |0 0 |1 0 |2 ddc |4 0 |6 371_395000000000000_PRI_2001 |7 0 |8 A |9 348673 |a BIBTEO |b BIBTEO |d 2019-11-20 |i 3726762 |o 371.395 PRI 2001 |p 3726762 |r 2025-01-17 |t 36 |w 2019-11-20 |y BK |k ICR | ||
| 952 | |0 0 |1 0 |2 ddc |4 0 |6 371_395000000000000_PRI_2001 |7 0 |8 A |9 348674 |a BIBTEO |b BIBTEO |d 2019-11-20 |i 4061896 |o 371.395 PRI 2001 |p 4061896 |r 2025-01-17 |t 59 |w 2019-11-20 |y BK |k ICR | ||
| 952 | |0 0 |1 0 |2 ddc |4 0 |6 371_395000000000000_PRI_2001 |7 0 |8 A |9 348675 |a BIBHIS |b BIBHIS |d 2019-11-20 |i 4182065 |o 371.395 PRI 2001 |p 4182065 |r 2025-01-20 |t 61 |w 2019-11-20 |y BK |k HIS | ||
| 952 | |0 0 |1 0 |2 ddc |4 0 |6 371_395000000000000_PRI_2001 |7 0 |8 A |9 348676 |a BIBHIS |b BIBHIS |d 2019-11-20 |i 4182057 |o 371.395 PRI 2001 |p 4182057 |r 2025-01-20 |t 60 |w 2019-11-20 |y BK |k HIS | ||
| 952 | |0 0 |1 0 |2 ddc |4 0 |6 371_395000000000000_PRI_2001 |7 0 |8 A |9 348677 |a BIBMAT |b BIBMAT |c E_DIDACT |d 2019-11-20 |i 4215745 |o 371.395 PRI 2001 |p 4215745 |r 2025-01-07 |t 62 |w 2019-11-20 |y BK |k MAT | ||
| 952 | |0 0 |1 0 |2 ddc |4 0 |6 371_395000000000000_PRI_2001 |7 0 |8 A |9 348678 |a BIBMAT |b BIBMAT |c E_DIDACT |d 2019-11-20 |i 4215753 |o 371.395 PRI 2001 |p 4215753 |r 2025-01-07 |t 63 |w 2019-11-20 |y BK |k MAT | ||
| 952 | |0 0 |1 0 |2 ddc |4 0 |6 371_395000000000000_PRI_2001 |7 0 |8 A |9 348679 |a BIBMAT |b BIBMAT |c E_DIDACT |d 2019-11-20 |i 4215761 |o 371.395 PRI 2001 |p 4215761 |r 2025-01-07 |t 64 |w 2019-11-20 |y BK |k MAT | ||
| 952 | |0 0 |1 0 |2 ddc |4 0 |6 371_395000000000000_PRI_2001 |7 0 |8 A |9 348680 |a BIBMAT |b BIBMAT |c E_DIDACT |d 2019-11-20 |i 421577K |o 371.395 PRI 2001 |p 421577K |r 2025-01-07 |t 5 |w 2019-11-20 |y BK |k MAT | ||
| 952 | |0 0 |1 0 |2 ddc |4 0 |6 371_395000000000000_PRI_2001 |7 0 |8 A |9 348681 |a BIBMAT |b BIBMAT |c E_DIDACT |d 2019-11-20 |i 4215788 |o 371.395 PRI 2001 |p 4215788 |r 2025-01-07 |t 65 |w 2019-11-20 |y BK |k MAT | ||
| 952 | |0 0 |1 0 |2 ddc |4 0 |6 371_395000000000000_PRI_2001 |7 0 |8 A |9 348682 |a FDOPOS |b FDOPOS |d 2019-11-20 |i 4270827 |o 371.395 PRI 2001 |p 4270827 |r 2025-01-22 |t 66 |w 2019-11-20 |y BK |k MLA | ||
| 952 | |0 0 |1 0 |2 ddc |4 0 |6 371_395000000000000_PRI_2001 |7 0 |8 X |9 348683 |a FDOBUD |b FDOBUD |d 2019-11-20 |i 4546881 |o 371.395 PRI 2001 |p 4546881 |r 2019-11-20 |t 67 |w 2019-11-20 |y BK_X |k BUD | ||
| 952 | |0 0 |1 0 |2 ddc |4 0 |6 371_395000000000000_PRI_2001 |7 0 |8 R |9 348684 |a BIBEDU |b BIBEDU |d 2019-11-20 |i 4563964 |o 371.395 PRI 2001 |p 4563964 |r 2023-01-13 |t 68 |w 2019-11-20 |y BK_R |k BME | ||
| 952 | |0 0 |1 0 |2 ddc |4 0 |6 371_395000000000000_PRI_2001 |7 0 |8 R |9 348685 |a BIBEDU |b BIBEDU |d 2019-11-20 |i 4563972 |o 371.395 PRI 2001 |p 4563972 |r 2023-01-13 |t 69 |w 2019-11-20 |y BK_R |k BME | ||
| 952 | |0 0 |1 0 |2 ddc |4 0 |6 371_395000000000000_PRI_2001 |7 0 |8 R |9 348686 |a BIBEDU |b BIBEDU |d 2019-11-20 |i 4563980 |o 371.395 PRI 2001 |p 4563980 |r 2023-01-13 |t 70 |w 2019-11-20 |y BK_R |k BME | ||
| 952 | |0 0 |1 0 |2 ddc |4 0 |6 371_395000000000000_PRI_2001 |7 0 |8 R |9 348687 |a BIBEDU |b BIBEDU |d 2019-11-20 |i 4563999 |o 371.395 PRI 2001 |p 4563999 |r 2023-01-13 |t 71 |w 2019-11-20 |y BK_R |k BME | ||
| 952 | |0 0 |1 0 |2 ddc |4 0 |6 371_395000000000000_PRI_2001 |7 0 |8 A |9 348688 |a BIBCUR |b BIBCUR |d 2019-11-20 |i 4573080 |o 371.395 PRI 2001 |p 4573080 |r 2024-01-29 |t 72 |w 2019-11-20 |y BK |k PER | ||
| 952 | |0 0 |1 0 |2 ddc |4 0 |6 371_395000000000000_PRI_2001 |7 0 |8 A |9 348689 |a BIBCUR |b BIBCUR |d 2019-11-20 |i 4573099 |o 371.395 PRI 2001 |p 4573099 |r 2024-01-29 |t 73 |w 2019-11-20 |y BK |k PER | ||
| 952 | |0 0 |1 0 |2 ddc |4 0 |6 371_395000000000000_PRI_2001 |7 0 |8 R |9 348690 |a BIBEDU |b BIBEDU |d 2019-11-20 |i 4575202 |o 371.395 PRI 2001 |p 4575202 |r 2023-01-13 |t 74 |w 2019-11-20 |y BK_R |k EPE | ||
| 952 | |0 0 |1 0 |2 ddc |4 0 |6 371_395000000000000_PRI_2001 |7 0 |8 R |9 348691 |a BIBEDU |b BIBEDU |d 2019-11-20 |i 4575210 |o 371.395 PRI 2001 |p 4575210 |r 2023-01-13 |t 75 |w 2019-11-20 |y BK_R |k EPE | ||
| 952 | |0 0 |1 0 |2 ddc |4 0 |6 371_395000000000000_PRI_2001 |7 0 |8 R |9 348692 |a BIBEDU |b BIBEDU |d 2019-11-20 |i 4575229 |o 371.395 PRI 2001 |p 4575229 |r 2023-01-13 |t 76 |w 2019-11-20 |y BK_R |k EPE | ||
| 952 | |0 0 |1 0 |2 ddc |4 0 |6 371_395000000000000_PRI_2001 |7 0 |8 R |9 348695 |a BIBEDU |b BIBEDU |d 2019-11-20 |i 4839293 |o 371.395 PRI 2001 |p 4839293 |r 2023-01-13 |t 79 |w 2019-11-20 |y BK_R |k EPE | ||